| 000 | 00712nam a22002297a 4500 | ||
|---|---|---|---|
| 005 | 20170124110020.0 | ||
| 010 | _a643307 | ||
| 020 |
_c00.00 _a333044215 |
||
| 035 | _a643307 | ||
| 037 | _bCen Lib/Ret | ||
| 040 |
_aDPL _bEN |
||
| 082 |
_a658.15 _bGOL |
||
| 100 |
_aGold, Bela _919603 |
||
| 245 |
_aExplorations in managerial economics : _cby Bela Gold _bproductivity, costs, technology, and growth / |
||
| 260 |
_aLondon _bMacmillan _c1971 |
||
| 270 | _bLondon | ||
| 300 |
_aix,2978p. _c21cm(Hb) |
||
| 500 | _aIncludes bibliographical references and index | ||
| 650 |
_aProduction (Economic theory) _919604 |
||
| 650 |
_aIndustrial management _919605 |
||
| 942 |
_2ddc _cEN _h658.15 _mGOL |
||
| 999 |
_c127162 _d127162 |
||